Preparing for the twenty-first Century (Record no. 298659)
[ view plain ]
| 000 -LEADER | |
|---|---|
| fixed length control field | 00295 a2200121 4500 |
| 001 - CONTROL NUMBER | |
| control field | 63586 |
| 082 ## - DEWEY DECIMAL CLASSIFICATION NUMBER | |
| Classification number | 303.490905 KEN |
| 090 ## - LOCALLY ASSIGNED LC-TYPE CALL NUMBER (OCLC); LOCAL CALL NUMBER (RLIN) | |
| -- | 37580 |
| -- | 37580 |
| 100 ## - MAIN ENTRY--PERSONAL NAME | |
| Personal name | Kennedy Paul |
| 245 ## - TITLE STATEMENT | |
| Title | Preparing for the twenty-first Century |
| 260 ## - PUBLICATION, DISTRIBUTION, ETC. | |
| Place of publication, distribution, etc. | London |
| Name of publisher, distributor, etc. | Fontana press |
| Date of publication, distribution, etc. | 1994 |
| 300 ## - PHYSICAL DESCRIPTION | |
| Extent | 428p |
| 942 ## - ADDED ENTRY ELEMENTS (KOHA) | |
| Institution code [OBSOLETE] | NUST-CAE |
| Call number prefix | 303.490905 KEN |
| Withdrawn status | Lost status | Damaged status | Not for loan | Collection code | Permanent Location | Current Location | Date acquired | Total Checkouts | Full call number | Barcode | Date last seen | Price effective from | Koha item type |
|---|---|---|---|---|---|---|---|---|---|---|---|---|---|
| College of Aeronautical Engineering (CAE) | College of Aeronautical Engineering (CAE) | 04/03/2017 | 303.490905 KEN | CAEG-5404 | 04/05/2017 | 04/05/2017 | Book |
